<?xml version="1.0" encoding="UTF-8"?>
<resp>
  <nextPage>https://data.bn.org.pl/api/networks/bibs.marcxml?marc=001+b0000010078923&amp;sinceId=10078924</nextPage>
  <collection>
    <record xmlns='http://www.loc.gov/MARC21/slim'><leader>02097nam a2200529 i 4500</leader><controlfield tag='001'>b0000010078923</controlfield><controlfield tag='005'>20251019071921.0</controlfield><controlfield tag='008'>000911s1998    pl ||||| |||||00||||pol|d</controlfield><controlfield tag='009'>9910873183405606</controlfield><datafield ind1=' ' ind2=' ' tag='020'><subfield code='a'>8387571849</subfield></datafield><datafield ind1=' ' ind2=' ' tag='035'><subfield code='a'>216830-48omnis_uja</subfield></datafield><datafield ind1=' ' ind2=' ' tag='035'><subfield code='a'>(UJ)vtls000216830</subfield></datafield><datafield ind1=' ' ind2=' ' tag='035'><subfield code='a'>(PL)b0000010078923</subfield></datafield><datafield ind1=' ' ind2=' ' tag='040'><subfield code='a'>KR U/AG</subfield><subfield code='c'>KR U/AG</subfield><subfield code='d'>KR U</subfield><subfield code='d'>WA N</subfield></datafield><datafield ind1='0' ind2=' ' tag='041'><subfield code='a'>pol</subfield></datafield><datafield ind1='1' ind2=' ' tag='100'><subfield code='a'>Niziurski, Edmund</subfield><subfield code='d'>(1925-2013)</subfield></datafield><datafield ind1='0' ind2='0' tag='245'><subfield code='a'>Klub Włóczykijów /</subfield><subfield code='c'>Edmund Niziurski.</subfield></datafield><datafield ind1=' ' ind2=' ' tag='260'><subfield code='a'>Warszawa :</subfield><subfield code='b'>Philip Wilson,</subfield><subfield code='c'>cop. 1998.</subfield></datafield><datafield ind1=' ' ind2=' ' tag='300'><subfield code='a'>238, [2] s. ;</subfield><subfield code='c'>21 cm.</subfield></datafield><datafield ind1=' ' ind2=' ' tag='380'><subfield code='a'>Książki</subfield></datafield><datafield ind1=' ' ind2=' ' tag='852'><subfield code='8'>229201210008006</subfield><subfield code='j'>1</subfield><subfield code='b'>LO1_5_5</subfield><subfield code='p'>162000100293</subfield><subfield code='c'>LO1_5_5_1</subfield></datafield><datafield ind1=' ' ind2=' ' tag='852'><subfield code='8'>22851759470008836</subfield><subfield code='j'>1</subfield><subfield code='b'>WBPL</subfield><subfield code='p'>230000013803</subfield><subfield code='c'>DZS</subfield></datafield><datafield ind1=' ' ind2=' ' tag='852'><subfield code='8'>22522730350005067</subfield><subfield code='j'>0</subfield><subfield code='h'>B 213492 II</subfield><subfield code='b'>BJ</subfield><subfield code='p'>1000388507</subfield><subfield code='c'>BJ_MAG</subfield></datafield><datafield ind1=' ' ind2=' ' tag='852'><subfield code='8'>22522730350005067</subfield><subfield code='j'>1</subfield><subfield code='h'>B 213492 II</subfield><subfield code='b'>BJ</subfield><subfield code='p'>1003039794</subfield><subfield code='c'>BJ_MAG</subfield></datafield><datafield ind1=' ' ind2=' ' tag='852'><subfield code='8'>22522730330005067</subfield><subfield code='j'>1</subfield><subfield code='h'>A 319292 II</subfield><subfield code='b'>BJ</subfield><subfield code='p'>1000388508</subfield><subfield code='c'>BJ_BRAN_A</subfield></datafield><datafield ind1=' ' ind2=' ' tag='852'><subfield code='8'>2297666850007662</subfield><subfield code='j'>0</subfield><subfield code='b'>23</subfield><subfield code='p'>A00015466</subfield><subfield code='c'>U23</subfield></datafield><datafield ind1=' ' ind2=' ' tag='852'><subfield code='8'>2297666830007662</subfield><subfield code='j'>1</subfield><subfield code='b'>43</subfield><subfield code='p'>4000604682</subfield><subfield code='c'>43</subfield></datafield><datafield ind1=' ' ind2=' ' tag='852'><subfield code='8'>2297666870007662</subfield><subfield code='j'>0</subfield><subfield code='b'>05</subfield><subfield code='p'>4000388808</subfield><subfield code='c'>U05</subfield></datafield><datafield ind1=' ' ind2=' ' tag='852'><subfield code='8'>22107919550007662</subfield><subfield code='j'>0</subfield><subfield code='b'>03</subfield><subfield code='p'>4000573710</subfield><subfield code='c'>U03</subfield></datafield><datafield ind1=' ' ind2=' ' tag='852'><subfield code='8'>22107919550007662</subfield><subfield code='j'>0</subfield><subfield code='b'>03</subfield><subfield code='p'>131377</subfield><subfield code='c'>U03</subfield></datafield><datafield ind1=' ' ind2=' ' tag='852'><subfield code='8'>22107919550007662</subfield><subfield code='j'>0</subfield><subfield code='b'>03</subfield><subfield code='p'>4000591338</subfield><subfield code='c'>U03</subfield></datafield><datafield ind1=' ' ind2=' ' tag='852'><subfield code='8'>22723964560008411</subfield><subfield code='j'>1</subfield><subfield code='b'>014F3</subfield><subfield code='p'>01413-100002855</subfield><subfield code='c'>F3</subfield><subfield code='z'>15/99;ek;DK;</subfield></datafield><datafield ind1=' ' ind2=' ' tag='852'><subfield code='8'>22774244120008415</subfield><subfield code='j'>1</subfield><subfield code='b'>KP</subfield><subfield code='p'>000031475723</subfield><subfield code='c'>CN</subfield><subfield code='z'>N319665</subfield></datafield><datafield ind1=' ' ind2=' ' tag='852'><subfield code='8'>22164229780006831</subfield><subfield code='j'>1</subfield><subfield code='h'>424726 II</subfield><subfield code='b'>BuKul</subfield><subfield code='p'>1000104180</subfield><subfield code='c'>BG_BG</subfield></datafield><datafield ind1=' ' ind2=' ' tag='852'><subfield code='8'>22123180640007661</subfield><subfield code='j'>1</subfield><subfield code='b'>10000</subfield><subfield code='p'>1010027331</subfield><subfield code='c'>U_BGmag</subfield></datafield><datafield ind1=' ' ind2=' ' tag='852'><subfield code='b'>48OMNIS_LO1</subfield><subfield code='8'>991000203189308006</subfield></datafield><datafield ind1=' ' ind2=' ' tag='852'><subfield code='b'>48OMNIS_WBPL</subfield><subfield code='8'>991002704759708836</subfield></datafield><datafield ind1=' ' ind2=' ' tag='852'><subfield code='b'>48OMNIS_UJA</subfield><subfield code='8'>991001285189705067</subfield></datafield><datafield ind1=' ' ind2=' ' tag='852'><subfield code='b'>48OMNIS_MBP</subfield><subfield code='8'>990000150280207662</subfield></datafield><datafield ind1=' ' ind2=' ' tag='852'><subfield code='b'>48OMNIS_GLO</subfield><subfield code='8'>990003410440308411</subfield></datafield><datafield ind1=' ' ind2=' ' tag='852'><subfield code='b'>48OMNIS_KPS</subfield><subfield code='8'>990000489530208415</subfield></datafield><datafield ind1=' ' ind2=' ' tag='852'><subfield code='b'>48OMNIS_KUL</subfield><subfield code='8'>991004012629706831</subfield></datafield><datafield ind1=' ' ind2=' ' tag='852'><subfield code='b'>48OMNIS_UMCS</subfield><subfield code='8'>991001276169707661</subfield></datafield><datafield ind1=' ' ind2=' ' tag='852'><subfield code='b'>48OMNIS_NETWORK</subfield><subfield code='8'>9910873183405606</subfield></datafield></record>
  </collection>
</resp>
